00359nam a2200157Ia 4500003000400000005001700004006001900021007000300040008004100043024001100084037001200095040001800107041001300125245005400138260000900192OSt20221005130435.0a|||||r|||| 00| 0 ta221004b |||||||| |||| 00| 0 eng d a111279 cTextual aCRLcCRLbeng 2engaeng 0aReport of union of East Africa conference........ c1969